Understanding commercial property investment (Record no. 103294)

MARC details
000 -LEADER
fixed length control field 01658cam a2200265 4500
008 - FIXED-LENGTH DATA ELEMENTS--GENERAL INFORMATION
fixed length control field 040106n2003 000 0 eng u
020 ## - INTERNATIONAL STANDARD BOOK NUMBER
International Standard Book Number 1842191713
035 ## - SYSTEM CONTROL NUMBER
System control number (Sirsi) u124855
041 ## - LANGUAGE CODE
Language code of text/sound track or separate title eng
050 ## - LIBRARY OF CONGRESS CALL NUMBER
Classification number 332.6324
-- 18
110 ## - MAIN ENTRY--CORPORATE NAME
Corporate name or jurisdiction name as entry element Investment Property Forum
9 (RLIN) 2112
245 ## - TITLE STATEMENT
Title Understanding commercial property investment
Remainder of title a guide for financial advisers
260 ## - PUBLICATION, DISTRIBUTION, ETC.
Place of publication, distribution, etc. London
Name of publisher, distributor, etc. Seven Dials
Date of publication, distribution, etc. 2003
300 ## - PHYSICAL DESCRIPTION
Extent 37p. : ill. ; 21cm.
490 ## - SERIES STATEMENT
Series statement RICS Commercial Property Faculty Feature
520 ## - SUMMARY, ETC.
Summary, etc. The Investment Property Forum has issued guidelines to professionals offering advice to small private investors tempted into the commercial property market by a new range of financial products available in 2004. The guide has been funded by the Investment Property Forum Educational Trust, the British Property Federation and RICS with additional information from relevant bodies on specialist subjects. Acknowledges the need for advisers to understand the attributes of commercial property as an investment class and the mechanics of the market. Also required is an overview of the commonly available product structures, insights into associated risks, tax implications and regulatory considerations.
650 ## - SUBJECT ADDED ENTRY--TOPICAL TERM
Topical term or geographic name entry element INVESTORS
650 ## - SUBJECT ADDED ENTRY--TOPICAL TERM
Topical term or geographic name entry element FINANCIAL MARKETS
650 ## - SUBJECT ADDED ENTRY--TOPICAL TERM
Topical term or geographic name entry element PRIVATE INVESTORS
690 ## - LOCAL SUBJECT ADDED ENTRY--TOPICAL TERM (OCLC, RLIN)
Topical term or geographic name as entry element PROPERTY-COMMERCIAL PROPERTY-COMMERCIAL PROPERTY MARKET
710 ## - ADDED ENTRY--CORPORATE NAME
Corporate name or jurisdiction name as entry element Royal Institution of Chartered Surveyors
9 (RLIN) 4900
710 ## - ADDED ENTRY--CORPORATE NAME
Corporate name or jurisdiction name as entry element British Property Federation
9 (RLIN) 1604
856 ## - ELECTRONIC LOCATION AND ACCESS
Uniform Resource Identifier <a href="https://www.rics.org/RICSWEB/getpage.aspx?p=ZzJANqRUoUehDx4IWc2OTw">https://www.rics.org/RICSWEB/getpage.aspx?p=ZzJANqRUoUehDx4IWc2OTw</a>
Public note View the guidelines on the RICS Commercial Property web pages...
942 ## - ADDED ENTRY ELEMENTS (KOHA)
Suppress in OPAC 0
Holdings
Withdrawn status Lost status Source of classification or shelving scheme Damaged status Not for loan Home library Current library Shelving location Date acquired Total Checkouts Full call number Barcode Date last seen Copy number Price effective from Koha item type
    Dewey Decimal Classification     London London RICS Boxes 30/04/2004   RICS 2003/51 30069219 06/08/2019 1 06/08/2019 Archive
    Dewey Decimal Classification     London London RICS Boxes 30/04/2004   RICS 2003/51 30069226 06/08/2019 2 06/08/2019 Reference material
    Dewey Decimal Classification     London London RICS Boxes 30/04/2004   RICS 2003/51 30069227 06/08/2019 3 06/08/2019 Book
    Dewey Decimal Classification     Virtual Virtual Online 16/01/2004   ONLINE PUBLICATION 124855-2001 06/08/2019 1 06/08/2019 Book